| 000 | 00565nam a2200205 a 4500 | ||
|---|---|---|---|
| 003 | SISC | ||
| 005 | 20160602113714.0 | ||
| 008 | 121004s19uu xx 00 eng d | ||
| 020 | _a9789381293751 | ||
| 050 |
_aG 155.A1 _b.R185 2012 |
||
| 100 | _aRana, Varinder Singh. | ||
| 245 |
_aDynamics of modern tourism / _cVarinder Singh Rana. |
||
| 250 | _a1st edition. | ||
| 260 |
_aNew Delhi, India : _bCentrum Press, _c2012. |
||
| 300 |
_a280 pages ; _c23 cm. |
||
| 500 | _aIncludes index. | ||
| 650 |
_aTourism _xIndia. |
||
| 942 |
_cBK _2lcc _kFOR |
||
| 999 |
_c22341 _d22341 |
||